| 000 | 01096nam a22001937a 4500 | ||
|---|---|---|---|
| 003 | JO-AjAnu | ||
| 005 | 20240629122736.0 | ||
| 008 | 231211b jo ||||| |||| 00| 0 ara d | ||
| 040 |
_aJO-AjAnu _bara _cJO-AjAnu |
||
| 050 |
_aK623 _a2023 |
||
| 100 | 1 |
_aبني عامر ، علي عبد الرحمن محمد _964970 _eمعد |
|
| 245 | 2 | 0 |
_aالشرط الجزائي في القانون المدني الاردني دراسة مقارنة في القانون المدني المصري = The Penal Clause in the Jordanian Civil Law , A Comparative Study With the Egyption Civil Law / _cاعداد علي عبد الرحمن بني عامر ؛ اشراف منتصر القضاة |
| 260 | _c2023 | ||
| 300 | _a101 ورقة | ||
| 504 | _aرسالة جامعية (ماجستير) .- جامعة عجلون الوطنية (عجلون ، الأردن)، كلية الحقوق، قسم القانون، 2023 ببليوجرافيا : صفحة 99-113. | ||
| 650 | 7 | 0 |
_aالشرط الجزائي - القانون _964972 |
| 700 | 1 |
_aالقضاة، منتصر _964973 _eمشرف |
|
| 942 |
_2lcc _cTHS _n0 |
||
| 999 |
_c33291 _d33291 |
||